000 00872nam a2200289Ia 4500
003 OSt
005 20221006155843.0
006 a|||||r|||| 00| 0
007 ta
008 221006b |||||||| |||| 00| 0 eng d
020 _a9780710313133
_c¥2268
024 _a43,680
037 _bGift, Japan Foundation
_cTextual
040 _aEASL
_cEASL
_beng
041 _2eng
_aeng
082 _aV42.D, P8
100 _aKumar Ann
_9670621
245 0 _aGlobalizing the Prehistory of Japan
_b Language, genes and civilization
260 _aLondon
_bRoutledge England
_c2008
300 _a218p.
_ccm.
490 _v JEL
_aRoutledge Studies in the Early History of Asia
650 _a Japan - History
650 _a JEL
650 _aYayoi culture
_9670622
942 _hV42.D, P8
_cTEXL
_2CC
999 _c1111766
_d1111766